[Event "Balatonlelle Rigo Memorial GM-B 4th"]
[Site "Balatonlelle"]
[Date "2025.06.25"]
[Round "7"]
[White "Goh, Zi Han"]
[Black "Dotzer, Lukas"]
[Result "0-1"]
[WhiteElo "2275"]
[BlackElo "2473"]
[PlyCount "62"]
[EventDate "2025.06.21"]
[EventType "tourn"]
[EventRounds "9"]
[EventCountry "HUN"]
[EventCategory "6"]
[SourceTitle "CB27_2025"]
[SourceDate "2025.07.02"]
[SourceVersion "1"]
[SourceVersionDate "2025.07.02"]
[SourceQuality "1"]

1. d4 Nf6 2. c4 e6 3. g3 Bb4+ 4. Bd2 Be7 5. Bg2 d5 6. Nf3 0-0 7. 0-0 Nbd7 8. Qc2 c6 9. Bf4 a5 10. h4 b6 11. Nbd2 Bb7 12. e3 Rc8 13. cxd5 Nxd5 14. Ne4 c5 15. dxc5 Nxc5 16. Nxc5 Rxc5 17. Qe4 Qa8 18. Nd4 Re8 19. Nb3 Rb5 20. Be5 Rb4 21. Qf3 a4 22. Nd2 f6 23. Bd4 Nxe3 24. Qxe3 Bxg2 25. Rfc1 Bh3 26. f3 Rd8 27. Bxb6 Rxb6 28. Qxb6 Rxd2 29. g4 Qxf3 30. Qxe6+ Kf8 31. Rc8+ Bd8 0-1

[Event "Balatonlelle Rigo Memorial GM-B 4th"]
[Site "Balatonlelle"]
[Date "2025.06.23"]
[Round "3"]
[White "Psyk, Radoslaw"]
[Black "Dotzer, Lukas"]
[Result "1/2-1/2"]
[WhiteElo "2451"]
[BlackElo "2473"]
[PlyCount "64"]
[EventDate "2025.06.21"]
[EventType "tourn"]
[EventRounds "9"]
[EventCountry "HUN"]
[EventCategory "6"]
[SourceTitle "CB27_2025"]
[SourceDate "2025.07.02"]
[SourceVersion "1"]
[SourceVersionDate "2025.07.02"]
[SourceQuality "1"]

1. e4 c5 2. Nf3 e6 3. d4 cxd4 4. Nxd4 a6 5. c4 Nf6 6. Nc3 Qc7 7. a3 b6 8. f4 Bb7 9. Bd3 Nc6 10. Nxc6 Qxc6 11. Qe2 Bc5 12. Be3 h5 13. Bxc5 Qxc5 14. e5 Ng4 15. Be4 Bxe4 16. Nxe4 Qe3 17. h3 Qxe2+ 18. Kxe2 Nh6 19. Rhd1 Ke7 20. Rd6 Rhb8 21. Rad1 Ra7 22. g4 hxg4 23. hxg4 Nxg4 24. c5 bxc5 25. Nxc5 Rxb2+ 26. Kf3 Rc2 27. Rxd7+ Rxd7 28. Rxd7+ Ke8 29. Rc7 Nh2+ 30. Ke3 Ng4+ 31. Kf3 Nh2+ 32. Ke3 Ng4+ 1/2-1/2

[Event "Dubai op-A 25th"]
[Site "Dubai"]
[Date "2025.05.30"]
[Round "4"]
[White "Dotzer, Lukas"]
[Black "Gorshtein, Ido"]
[Result "1/2-1/2"]
[WhiteElo "2455"]
[BlackElo "2560"]
[PlyCount "124"]
[EventDate "2025.05.27"]
[EventType "swiss"]
[EventRounds "9"]
[EventCountry "UAE"]
[SourceTitle "CB23_2025"]
[SourceDate "2025.06.04"]
[SourceVersion "1"]
[SourceVersionDate "2025.06.04"]
[SourceQuality "1"]

1. e4 c6 2. d4 d5 3. e5 Bf5 4. h4 h5 5. c4 Na6 6. a3 Nc7 7. Nc3 dxc4 8. Bxc4 e6 9. Nge2 Be7 10. Ng3 Bg6 11. Nce4 Nh6 12. Bg5 Bxe4 13. Nxe4 Nf5 14. Qd2 b5 15. Bxe7 Qxe7 16. Ba2 Rd8 17. Qc3 0-0 18. 0-0-0 b4 19. Qxb4 Qxb4 20. axb4 Rb8 21. Rh3 Rxb4 22. Rc3 Rfb8 23. Rxc6 Rxb2 24. Rd2 Rxd2 25. Nxd2 Nb5 26. d5 Ne7 27. Rc5 Nxd5 28. Bxd5 exd5 29. Rxd5 Rc8+ 30. Kb2 Nc3 31. Rd7 Nd1+ 32. Kb3 Nxf2 33. Rxa7 Nd3 34. Nf3 Re8 35. e6 Nc5+ 36. Kc4 Nxe6 37. Ne5 f6 38. Ng6 Kh7 39. Ne7 Rd8 40. Nf5 Rd2 41. g3 Rf2 42. Ra5 Rf3 43. Ne7 g6 44. Ra6 Ng7 45. Nd5 Nf5 46. Nxf6+ Kg7 47. Ne4 Nxg3 48. Ra7+ Kg8 49. Ra8+ Kg7 50. Ra7+ Kh6 51. Ng5 Rf4+ 52. Kd5 Rf5+ 53. Kd4 Rxg5 54. hxg5+ Kxg5 55. Ke3 Nf5+ 56. Kf3 h4 57. Ra5 h3 58. Rc5 Kh5 59. Ra5 Kg5 60. Rc5 Kh4 61. Rc4+ Kh5 62. Rc5 Kg5 1/2-1/2

[Event "Dubai op-A 25th"]
[Site "Dubai"]
[Date "2025.05.28"]
[Round "2"]
[White "Dotzer, Lukas"]
[Black "Sanal, Vahap"]
[Result "1-0"]
[WhiteElo "2455"]
[BlackElo "2555"]
[PlyCount "113"]
[EventDate "2025.05.27"]
[EventType "swiss"]
[EventRounds "9"]
[EventCountry "UAE"]
[SourceTitle "CB23_2025"]
[SourceDate "2025.06.04"]
[SourceVersion "1"]
[SourceVersionDate "2025.06.04"]
[SourceQuality "1"]

1. e4 e5 2. Nf3 Nc6 3. Bb5 a6 4. Ba4 Nf6 5. 0-0 Be7 6. Re1 b5 7. Bb3 d6 8. c3 0-0 9. h3 Nb8 10. d4 Nbd7 11. Nbd2 Bb7 12. Bc2 Re8 13. Nf1 Bf8 14. Ng3 g6 15. a4 c5 16. d5 c4 17. Be3 Qc7 18. Qe2 Nc5 19. Reb1 Reb8 20. Nd2 Bc8 21. Ra2 Bd7 22. Rba1 Qd8 23. Qf3 Ne8 24. Ngf1 Be7 25. Qe2 Nf6 26. g4 Nxa4 27. Nxc4 bxc4 28. Bxa4 Bb5 29. Nd2 Qc8 30. Qf1 Nd7 31. Ra3 Bd8 32. Bd1 Bb6 33. Bh6 Qd8 34. Kg2 Qh4 35. Be3 Bxe3 36. fxe3 Nb6 37. Be2 Rf8 38. Qf2 Qh6 39. Qg3 Kh8 40. g5 Qg7 41. b3 cxb3 42. Bxb5 b2 43. R1a2 axb5 44. Rxa8 Rxa8 45. Rxb2 Na4 46. Rxb5 Nxc3 47. Rb3 Rc8 48. Qg4 Qf8 49. Rb7 Kg8 50. Nb3 Rc4 51. Nd2 Ra4 52. Qd7 Ra2 53. Kf3 Na4 54. Qc7 Rb2 55. Nb3 Kg7 56. Rb8 Rc2 57. Qb7 1-0

[Event "Mitropa Cup"]
[Site "Trencin"]
[Date "2025.05.17"]
[Round "4.3"]
[White "Kurmann, Oliver"]
[Black "Dotzer, Lukas"]
[Result "0-1"]
[WhiteElo "2412"]
[BlackElo "2455"]
[PlyCount "42"]
[EventDate "2025.05.14"]
[EventType "team-tourn"]
[EventRounds "9"]
[EventCountry "SVK"]
[SourceTitle "CB22_2025"]
[SourceDate "2025.05.28"]
[SourceVersion "1"]
[SourceVersionDate "2025.05.28"]
[SourceQuality "1"]
[WhiteTeam "Switzerland"]
[BlackTeam "Austria"]
[WhiteTeamCountry "SUI"]
[BlackTeamCountry "AUT"]

1. e4 c5 2. Nf3 e6 3. d4 cxd4 4. Nxd4 a6 5. Nc3 b5 6. Bd3 Bb7 7. 0-0 Nc6 8. Nxc6 Bxc6 9. Re1 Ne7 10. Bf1 Ng6 11. Nd5 Bc5 12. Be3 d6 13. Bxc5 dxc5 14. f3 0-0 15. Ne3 Qg5 16. Kh1 Rad8 17. Qe2 f5 18. exf5 exf5 19. Rad1 Rde8 20. Qd2 Nh4 21. c3 Nxf3 0-1

[Event "Mitropa Cup"]
[Site "Trencin"]
[Date "2025.05.15"]
[Round "2.3"]
[White "Dotzer, Lukas"]
[Black "Olenik Campa, Rudi"]
[Result "1-0"]
[WhiteElo "2455"]
[BlackElo "2321"]
[PlyCount "119"]
[EventDate "2025.05.14"]
[EventType "team-tourn"]
[EventRounds "9"]
[EventCountry "SVK"]
[SourceTitle "CB22_2025"]
[SourceDate "2025.05.28"]
[SourceVersion "1"]
[SourceVersionDate "2025.05.28"]
[SourceQuality "1"]
[WhiteTeam "Austria"]
[BlackTeam "Slovenia"]
[WhiteTeamCountry "AUT"]
[BlackTeamCountry "SLO"]

1. e4 e5 2. Nf3 Nc6 3. Bb5 f5 4. d3 fxe4 5. dxe4 Nf6 6. 0-0 Bc5 7. Nc3 d6 8. Be3 Bxe3 9. fxe3 0-0 10. Bc4+ Kh8 11. Ng5 Bg4 12. Qe1 Qe8 13. Qg3 h6 14. Nf7+ Kh7 15. Rxf6 gxf6 16. Qxg4 Rxf7 17. Bxf7 Qxf7 18. Nd5 Rg8 19. Qf5+ Rg6 20. Rf1 Kg7 21. Qc8 Ne7 22. Nxe7 Qxe7 23. Qxb7 Qd7 24. Rf5 Rg5 25. Rxg5+ hxg5 26. b3 Kg6 27. h3 g4 28. Qd5 Kg7 29. h4 f5 30. g3 Kf6 31. exf5 Qxf5 32. e4 Qg6 33. Kf2 Ke7 34. Qd3 c6 35. Qe3 Ke6 36. c4 Qh7 37. Ke2 Qg6 38. Kd2 Qf7 39. Qe2 Qg6 40. Kc3 Kd7 41. b4 Kc7 42. Qe3 Kb7 43. b5 Qf7 44. Qe2 Qg7 45. c5 d5 46. bxc6+ Kxc6 47. Qa6+ Kxc5 48. Qa5+ Kc6 49. exd5+ Kb7 50. Qb5+ Kc7 51. Qc6+ Kb8 52. d6 e4+ 53. Kc2 Qg8 54. Qc7+ Ka8 55. Qc6+ Kb8 56. Kc1 Qh8 57. Qc7+ Ka8 58. Qc6+ Kb8 59. Qb5+ Kc8 60. d7+ 1-0

[Event "Fagernes op"]
[Site "Fagernes"]
[Date "2025.04.20"]
[Round "9"]
[White "Southcott Moyers, Indy"]
[Black "Dotzer, Lukas"]
[Result "0-1"]
[WhiteElo "2227"]
[BlackElo "2453"]
[PlyCount "125"]
[EventDate "2025.04.13"]
[EventType "swiss"]
[EventRounds "9"]
[EventCountry "NOR"]
[SourceTitle "CB17_2025"]
[SourceDate "2025.04.23"]
[SourceVersion "1"]
[SourceVersionDate "2025.04.23"]
[SourceQuality "1"]

1. d4 Nf6 2. Nc3 d5 3. Bf4 a6 4. e3 Bf5 5. Nf3 e6 6. Ne5 Nfd7 7. g4 Bg6 8. Nxg6 hxg6 9. e4 Nf6 10. Bg2 Bb4 11. exd5 Nxd5 12. Bd2 c6 13. Ne2 Qd6 14. h3 Nd7 15. c3 Ba5 16. Qc2 b5 17. Ng3 Qe7 18. Ne4 Bc7 19. 0-0-0 a5 20. Kb1 a4 21. a3 N7b6 22. Bg5 Qf8 23. h4 Bd8 24. Bxd8 Kxd8 25. Bf1 Qe7 26. c4 bxc4 27. Bxc4 Rb8 28. Nc5 Rxh4 29. Ka2 Qf6 30. Ne4 Qe7 31. Rxh4 Qxh4 32. Be2 Rc8 33. Qd2 Qh3 34. f3 Qh2 35. Re1 Qf4 36. Qc2 Qe3 37. Rd1 Qf4 38. Qc5 Nd7 39. Qa5+ N5b6 40. Rh1 Qe3 41. Qb4 Qxe2 42. Qd6 Qxb2+ 43. Kxb2 Nc4+ 44. Kc3 Nxd6 45. Nxd6 Rb8 46. Rh8+ Ke7 47. Rxb8 Nxb8 48. Nc8+ Kd8 49. Nb6 Na6 50. Nxa4 Nc7 51. Kc4 Nb5 52. Kc5 Nxa3 53. Nb2 Kc7 54. Nd3 Nb1 55. Ne5 Nd2 56. f4 g5 57. fxg5 Ne4+ 58. Kc4 Nxg5 59. Kc5 Ne4+ 60. Kc4 f6 61. Ng6 Kd6 62. Nf4 g5 63. Nh5 0-1

[Event "Fagernes op"]
[Site "Fagernes"]
[Date "2025.04.17"]
[Round "6"]
[White "Dotzer, Lukas"]
[Black "Willow, Jonah B"]
[Result "1/2-1/2"]
[WhiteElo "2453"]
[BlackElo "2471"]
[PlyCount "24"]
[EventDate "2025.04.13"]
[EventType "swiss"]
[EventRounds "9"]
[EventCountry "NOR"]
[SourceTitle "CB17_2025"]
[SourceDate "2025.04.23"]
[SourceVersion "1"]
[SourceVersionDate "2025.04.23"]
[SourceQuality "1"]

1. e4 e6 2. d4 d5 3. Nd2 Be7 4. Bd3 c5 5. dxc5 Nf6 6. Qe2 a5 7. Ngf3 0-0 8. 0-0 Na6 9. e5 Nd7 10. c3 Naxc5 11. Bc2 a4 12. Nd4 f6 1/2-1/2

[Event "EU-ch 25th"]
[Site "Eforie Nord"]
[Date "2025.03.19"]
[Round "5"]
[White "Dotzer, Lukas"]
[Black "Ipek, Egehan"]
[Result "0-1"]
[WhiteElo "2425"]
[BlackElo "2221"]
[PlyCount "94"]
[EventDate "2025.03.15"]
[EventType "swiss"]
[EventRounds "11"]
[EventCountry "ROU"]
[SourceTitle "CB13_2025"]
[SourceDate "2025.03.26"]
[SourceVersion "1"]
[SourceVersionDate "2025.03.26"]
[SourceQuality "1"]

1. e4 e5 2. Nf3 Nf6 3. Nxe5 Nxe4 4. Qe2 Qe7 5. Qxe4 d6 6. d4 dxe5 7. dxe5 Nc6 8. Nc3 Qxe5 9. Qxe5+ Nxe5 10. Bf4 Bd6 11. Bg3 h5 12. 0-0-0 f6 13. h4 Bf5 14. Nb5 Rd8 15. Be2 a6 16. Nxd6+ Rxd6 17. Rde1 Re6 18. Bxe5 fxe5 19. Bc4 Re7 20. Re3 Kd8 21. Rd1+ Bd7 22. Rd5 Rf8 23. f3 Rf4 24. Bd3 Rxh4 25. Rdxe5 Re8 26. Kd2 Rh2 27. Rg5 h4 28. Be4 h3 29. Re2 Re7 30. g4 Rxe2+ 31. Kxe2 h2 32. Rh5 Rxe4+ 33. Kf2 Rf4 34. Rxh2 Bc6 35. Rh3 Ke7 36. Ke3 g5 37. Rh7+ Kf6 38. Rxc7 Rxf3+ 39. Kd4 Rf4+ 40. Kc5 Rxg4 41. c4 Rg2 42. b4 Rxa2 43. Kb6 g4 44. c5 g3 45. Rh7 g2 46. b5 g1Q 47. bxc6 Qb1+ 0-1

[Event "EU-ch 25th"]
[Site "Eforie Nord"]
[Date "2025.03.18"]
[Round "4"]
[White "Abasov, Nijat Azad"]
[Black "Dotzer, Lukas"]
[Result "1-0"]
[WhiteElo "2612"]
[BlackElo "2425"]
[PlyCount "101"]
[EventDate "2025.03.15"]
[EventType "swiss"]
[EventRounds "11"]
[EventCountry "ROU"]
[SourceTitle "CB13_2025"]
[SourceDate "2025.03.26"]
[SourceVersion "1"]
[SourceVersionDate "2025.03.26"]
[SourceQuality "1"]

1. e4 c5 2. Nf3 d6 3. d4 cxd4 4. Nxd4 Nf6 5. Nc3 a6 6. Bg5 e6 7. Qf3 h6 8. Bd2 Qb6 9. Nb3 Qc7 10. Bd3 b5 11. a4 b4 12. Na2 d5 13. exd5 Nxd5 14. c4 bxc3 15. Nxc3 Bb7 16. Be4 Bb4 17. 0-0 Bxc3 18. Bxc3 0-0 19. Rac1 f5 20. Bb4 Qe5 21. Bxf8 fxe4 22. Qg3 Nf4 23. Qxg7+ Qxg7 24. Bxg7 Ne2+ 25. Kh1 Nxc1 26. Rxc1 Bd5 27. Bxh6 Bxb3 28. Rc8+ Kf7 29. Bf4 Ra7 30. Bxb8 Rd7 31. Rc7 Rxc7 32. Bxc7 Bxa4 33. Bb6 Kg6 34. h3 Kf5 35. Be3 Bd1 36. g4+ Kg6 37. Kg2 Be2 38. Bd4 a5 39. Kg3 a4 40. Kf4 Bf3 41. Be5 Bg2 42. h4 Bf3 43. Bd6 Be2 44. h5+ Kf6 45. Be5+ Kf7 46. Kg5 Kg8 47. Kh4 Kh7 48. g5 Bf3 49. g6+ Kh6 50. Bf4+ Kg7 51. Kg5 1-0

[Event "EU-ch 25th"]
[Site "Eforie Nord"]
[Date "2025.03.15"]
[Round "1"]
[White "Dotzer, Lukas"]
[Black "Skytte, Robert"]
[Result "1-0"]
[WhiteElo "2425"]
[BlackElo "1971"]
[PlyCount "49"]
[EventDate "2025.03.15"]
[EventType "swiss"]
[EventRounds "11"]
[EventCountry "ROU"]
[SourceTitle "CB13_2025"]
[SourceDate "2025.03.26"]
[SourceVersion "1"]
[SourceVersionDate "2025.03.26"]
[SourceQuality "1"]

1. e4 c5 2. Nf3 d6 3. d4 cxd4 4. Nxd4 Nf6 5. Nc3 a6 6. h3 b5 7. a4 b4 8. Nd5 Nxd5 9. exd5 Bb7 10. Bc4 Qa5 11. 0-0 Bxd5 12. Nb3 Bxc4 13. Nxa5 Bxf1 14. Qf3 Ra7 15. Be3 Rd7 16. Qa8 Rd8 17. Bb6 Rc8 18. Qb7 Rxc2 19. Qxb8+ Kd7 20. Kxf1 g6 21. Re1 e5 22. Qd8+ Ke6 23. Nb3 Rc4 24. Nd4+ Rxd4 25. Bxd4 1-0

[Event "Berlin Federation GM"]
[Site "Berlin"]
[Date "2025.03.01"]
[Round "8"]
[White "Sivuk, Vitaly"]
[Black "Dotzer, Lukas"]
[Result "1/2-1/2"]
[WhiteElo "2510"]
[BlackElo "2413"]
[PlyCount "109"]
[EventDate "2025.02.24"]
[EventType "tourn"]
[EventRounds "9"]
[EventCountry "GER"]
[EventCategory "8"]
[SourceTitle "CB10_2025"]
[SourceDate "2025.03.05"]
[SourceVersion "1"]
[SourceVersionDate "2025.03.05"]
[SourceQuality "1"]

1. d4 Nf6 2. c4 e6 3. Nc3 Bb4 4. Qc2 c5 5. dxc5 0-0 6. Nf3 Na6 7. g3 Nxc5 8. Bg2 Nce4 9. Bd2 Nxd2 10. Nxd2 Rb8 11. Rc1 b6 12. 0-0 Bb7 13. Rfd1 Bxg2 14. Kxg2 Qc7 15. Nce4 Nxe4 16. Nxe4 Qc6 17. Kg1 Be7 18. Qd3 Rfd8 19. Nd6 Bxd6 20. Qxd6 Qxd6 21. Rxd6 Kf8 22. Rcd1 Ke7 23. e4 Rbc8 24. b3 Rc6 25. R6d4 a6 26. R1d2 b5 27. cxb5 axb5 28. Kg2 d6 29. a4 Ra6 30. Rb4 bxa4 31. bxa4 Rd7 32. Kf3 Rda7 33. Ra2 d5 34. exd5 exd5 35. Ke3 Kd6 36. Kd3 Rc7 37. Rab2 Rca7 38. Rb6+ Rxb6 39. Rxb6+ Kc5 40. Rb5+ Kc6 41. Rb4 Kc5 42. Kc3 Kc6 43. h4 h5 44. Kb3 Kc5 45. Kc3 Kc6 46. Kd4 f6 47. Kd3 Kc5 48. Kc3 Kc6 49. g4 hxg4 50. Rxg4 g5 51. Rb4 Rh7 52. hxg5 fxg5 53. Rg4 Rf7 54. Rxg5 Rxf2 55. Rg8 1/2-1/2

[Event "Rilton Cup 52nd"]
[Site "Stockholm"]
[Date "2025.01.03"]
[Round "7"]
[White "Dotzer, Lukas"]
[Black "Aansh, Nandan Nerurkar"]
[Result "1-0"]
[WhiteElo "2425"]
[BlackElo "2216"]
[PlyCount "119"]
[EventDate "2024.12.27"]
[EventType "swiss"]
[EventRounds "9"]
[EventCountry "SWE"]
[SourceTitle "CB02_2025"]
[SourceDate "2025.01.08"]
[SourceVersion "1"]
[SourceVersionDate "2025.01.08"]
[SourceQuality "1"]

1. e4 c5 2. Nf3 d6 3. d4 cxd4 4. Nxd4 Nf6 5. Nc3 g6 6. Be3 Nc6 7. f3 h5 8. Bc4 Bg7 9. Qd2 0-0 10. 0-0-0 Bd7 11. h3 Rc8 12. Bb3 Na5 13. g4 Nxb3+ 14. cxb3 Qa5 15. Kb1 Rfd8 16. Bh6 Kh7 17. Bxg7 Kxg7 18. a3 hxg4 19. hxg4 Rh8 20. Nf5+ Bxf5 21. exf5 Rce8 22. b4 Qd8 23. g5 Nh5 24. Qd4+ Kg8 25. fxg6 fxg6 26. Qe4 Kg7 27. Qxb7 Qa8 28. Qxa8 Rxa8 29. Rhe1 Kf7 30. Nd5 Rae8 31. Rc1 e5 32. Rc7+ Ke6 33. Rd1 Ref8 34. Re7+ Kf5 35. Rg1 Re8 36. Rxa7 Rhf8 37. b5 Nf4 38. Nf6 Ra8 39. Rxa8 Rxa8 40. Rc1 Ne6 41. b6 Rb8 42. Rc6 Nc5 43. b4 Na6 44. Nd7 Rd8 45. b5 Nb8 46. Nxb8 Rxb8 47. a4 d5 48. a5 e4 49. fxe4+ dxe4 50. Kc2 Rd8 51. Rc3 Kf4 52. b7 e3 53. Rxe3 Kxe3 54. a6 Rd2+ 55. Kc1 Ke2 56. b8Q Rd1+ 57. Kc2 Rd2+ 58. Kc3 Rd3+ 59. Kc4 Rd4+ 60. Kxd4 1-0

[Event "Wch U14 blitz"]
[Site "Terme Catez"]
[Date "2024.12.16"]
[Round "4"]
[White "Basha, Lir"]
[Black "Dotzer, Lukas"]
[Result "0-1"]
[WhiteElo "2020"]
[BlackElo "2303"]
[PlyCount "127"]
[EventDate "2024.12.16"]
[EventType "swiss (blitz)"]
[EventRounds "22"]
[EventCountry "SLO"]
[SourceTitle "CB51_2024"]
[SourceDate "2024.12.18"]
[SourceVersion "1"]
[SourceVersionDate "2024.12.18"]
[SourceQuality "1"]

1. e4 c5 2. b3 b6 3. Bb2 Bb7 4. Nc3 e6 5. d4 cxd4 6. Qxd4 Nc6 7. Qd2 Nf6 8. 0-0-0 Bb4 9. f3 d5 10. exd5 Nxd5 11. Bb5 Nxc3 12. Bxc3 Bxc3 13. Qxc3 Qg5+ 14. Qd2 Qxd2+ 15. Rxd2 Ke7 16. Bxc6 Bxc6 17. Ne2 e5 18. Rhd1 Rhd8 19. Rxd8 Rxd8 20. Rxd8 Kxd8 21. Kd2 Ke7 22. Ke3 f6 23. c4 Kd6 24. b4 Be8 25. Nc3 a6 26. Ne4+ Kc6 27. c5 bxc5 28. Nxc5 a5 29. Nd3 axb4 30. Nxb4+ Kc5 31. a3 Kc4 32. Kd2 Kb3 33. Nd5 Kxa3 34. Kc3 Ka4 35. Nc7 Bf7 36. Kd3 Kb4 37. Ke4 Kc5 38. Na6+ Kd6 39. Nb4 Bg6+ 40. Ke3 Kc5 41. Na6+ Kb6 42. Nb4 Bf7 43. Nd3 Kc6 44. g4 g5 45. Nf2 Bd5 46. Nd1 Kd6 47. Nc3 Bc6 48. Ne2 Ke6 49. Ng3 Kf7 50. Nf5 Bd7 51. Nd6+ Kg6 52. Ke4 Bc6+ 53. Ke3 h5 54. h3 h4 55. Nf5 Bb5 56. Ne7+ Kf7 57. Nd5 Bf1 58. Kf2 Bxh3 59. Ne3 Ke6 60. Kg1 e4 61. Kh2 Ke5 62. Kxh3 Kf4 63. Nd5+ Kxf3 64. Nxf6 0-1

[Event "Wch U14 blitz"]
[Site "Terme Catez"]
[Date "2024.12.16"]
[Round "5"]
[White "Dotzer, Lukas"]
[Black "Tudor, Henry Edward"]
[Result "1/2-1/2"]
[WhiteElo "2303"]
[BlackElo "2172"]
[PlyCount "141"]
[EventDate "2024.12.16"]
[EventType "swiss (blitz)"]
[EventRounds "22"]
[EventCountry "SLO"]
[SourceTitle "CB51_2024"]
[SourceDate "2024.12.18"]
[SourceVersion "1"]
[SourceVersionDate "2024.12.18"]
[SourceQuality "1"]

1. e4 c5 2. Nf3 d6 3. d4 cxd4 4. Nxd4 Nf6 5. Nc3 a6 6. Be3 Ng4 7. Bc1 Nf6 8. f3 e6 9. Be3 b5 10. Qd2 Nbd7 11. g4 b4 12. Na4 h6 13. h4 d5 14. Rg1 dxe4 15. g5 Nd5 16. 0-0-0 hxg5 17. hxg5 g6 18. Bc4 Ne5 19. Bxd5 exd5 20. fxe4 Bd7 21. b3 Bxa4 22. bxa4 Be7 23. Rh1 Rg8 24. Qg2 Qd7 25. exd5 Rc8 26. Nc6 Nxc6 27. dxc6 Qxc6 28. Qxc6+ Rxc6 29. Rhe1 Re6 30. a5 Kf8 31. Bf4 Rxe1 32. Rxe1 Rh8 33. Kb2 Rh4 34. Rf1 Rh3 35. Rd1 Ra3 36. Rd5 Rf3 37. Bc1 Ke8 38. Re5 Kd7 39. Re4 Rf5 40. Rd4+ Kc6 41. Rc4+ Kd7 42. Rd4+ Kc6 43. Rc4+ Kb7 44. Re4 Bd6 45. Bd2 Rxa5 46. Bxb4 Rb5 47. Kc3 Bc7 48. a4 Rxg5 49. Re7 Rg3+ 50. Kd2 Kc6 51. Rxf7 Rg4 52. Rf6+ Kb7 53. Bc3 g5 54. Rf7 Kc6 55. Rf6+ Kb7 56. Rf7 Rf4 57. Rg7 Rf5 58. Kd3 Kc6 59. Rg6+ Kb7 60. Ke4 Rf4+ 61. Kd5 g4 62. Rg7 Rf5+ 63. Ke6 Rc5 64. Bd4 Rc4 65. Rxg4 Rxc2 66. Kd5 Rh2 67. Rg7 Rh5+ 68. Kc4 Kc6 69. Rg6+ Kb7 70. Rg7 Kc6 71. Rg6+ 1/2-1/2

[Event "Wch U14 rapid"]
[Site "Terme Catez"]
[Date "2024.12.15"]
[Round "10"]
[White "Dotzer, Lukas"]
[Black "Dau, Khuong Duy"]
[Result "0-1"]
[WhiteElo "2331"]
[BlackElo "2306"]
[PlyCount "102"]
[EventDate "2024.12.14"]
[EventType "swiss (rapid)"]
[EventRounds "11"]
[EventCountry "SLO"]
[SourceTitle "CB51_2024"]
[SourceDate "2024.12.18"]
[SourceVersion "1"]
[SourceVersionDate "2024.12.18"]
[SourceQuality "1"]

1. e4 c5 2. Nf3 d6 3. d4 cxd4 4. Nxd4 Nf6 5. Nc3 g6 6. Be3 Bg7 7. f3 h5 8. Qd2 a6 9. 0-0-0 Nbd7 10. Nd5 Nxd5 11. exd5 Nf6 12. Bc4 0-0 13. Bh6 b5 14. Bd3 Qb6 15. Nc6 Qc7 16. Qg5 Kh7 17. Bxg7 Kxg7 18. Rhe1 Re8 19. Re2 e5 20. dxe6 Rxe6 21. Rxe6 Bxe6 22. Nd4 Bd7 23. Qd2 Re8 24. Re1 Re5 25. f4 Rd5 26. Ne2 Bf5 27. Kb1 b4 28. Qxb4 Rxd3 29. cxd3 Bxd3+ 30. Ka1 Bxe2 31. Qd4 Bg4 32. h3 Be6 33. Rd1 Qa5 34. a3 Qd5 35. Qxd5 Nxd5 36. Rd4 h4 37. b4 Kf6 38. f5 Kxf5 39. Rxh4 Ne3 40. g3 Ke5 41. Kb2 d5 42. a4 d4 43. b5 Nc4+ 44. Kc1 a5 45. Rh8 d3 46. Re8 Kd4 47. Rd8+ Kc3 48. g4 d2+ 49. Kb1 Ne3 50. b6 Nd5 51. Rc8+ Bxc8 0-1